[Event "Steinfurt Bezirksklasse 1819"]
[Site "Germany"]
[Date "2019.03.02"]
[Round "6.4"]
[White "Remmes, Werner"]
[Black "Hillenkoetter, Albert"]
[Result "1-0"]
[WhiteElo "1106"]
[BlackElo "1336"]
[PlyCount "83"]
[EventDate "2018.09.29"]
[EventType "team-tourn"]
[EventRounds "7"]
[EventCountry "GER"]
[SourceTitle "EXT 2020"]
[Source "ChessBase"]
[SourceDate "2019.10.17"]
[SourceVersion "1"]
[SourceVersionDate "2019.10.17"]
[SourceQuality "1"]
[WhiteTeam "Emsdetten Rochade V"]
[BlackTeam "Nordwalde II"]
[WhiteTeamCountry "GER"]
[BlackTeamCountry "GER"]

1. e4 e5 2. Nf3 Nc6 3. Nc3 d6 4. d4 Bg4 5. Be2 exd4 6. Nxd4 Bxe2 7. Ncxe2 Nxd4 8. Nxd4 Ne7 9. Qf3 Ng6 10. Bf4 Qf6 11. Ne2 Ne5 12. Qb3 0-0-0 13. 0-0 Nc6 14. Be3 Qe6 15. Qxe6+ fxe6 16. a3 a6 17. b4 Ne5 18. h3 Be7 19. c3 Nc4 20. Bd4 e5 21. Be3 g5 22. Ng3 h5 23. Nf5 Bf6 24. f3 Rh7 25. Rfd1 Rg8 26. Kf2 g4 27. fxg4 hxg4 28. Nh6 g3+ 29. Ke2 Rg6 30. Nf5 Bg5 31. Rf1 Kd7 32. Rf3 Bxe3 33. Nxe3 Nxe3 34. Rxe3 Rf7 35. Rf3 Ke6 36. Raf1 Rgf6 37. c4 c6 38. Rxf6+ Rxf6 39. Rxf6+ Kxf6 40. Kf3 d5 41. cxd5 cxd5 42. exd5 1-0

[Event "Steinfurt Bezirksklasse 1819"]
[Site "Germany"]
[Date "2019.02.02"]
[Round "5.4"]
[White "Bloom, Luca"]
[Black "Remmes, Werner"]
[Result "0-1"]
[WhiteElo "1180"]
[BlackElo "1106"]
[PlyCount "54"]
[EventDate "2018.09.29"]
[EventType "team-tourn"]
[EventRounds "7"]
[EventCountry "GER"]
[SourceTitle "EXT 2020"]
[Source "ChessBase"]
[SourceDate "2019.10.17"]
[SourceVersion "1"]
[SourceVersionDate "2019.10.17"]
[SourceQuality "1"]
[WhiteTeam "Reckenfeld II"]
[BlackTeam "Emsdetten Rochade V"]
[WhiteTeamCountry "GER"]
[BlackTeamCountry "GER"]

1. e4 e5 2. Nf3 Nc6 3. Nc3 Bc5 4. Bc4 d6 5. d3 h6 6. h3 Nf6 7. a3 a6 8. b4 Ba7 9. Bd2 b5 10. Ba2 0-0 11. Qc1 Bd7 12. Bxh6 Nh7 13. Ng5 gxh6 14. Nxh7 Kxh7 15. Qd1 Qf6 16. Qf3 Qxf3 17. gxf3 Nd4 18. h4 Nxc2+ 19. Kd2 Nxa1 20. Rxa1 c6 21. Ke2 Bd4 22. Rc1 f5 23. Nb1 Rac8 24. Nd2 Rf6 25. h5 Be8 26. exf5 d5 27. Rh1 Rxf5 0-1

[Event "Steinfurt Bezirksklasse 1819"]
[Site "Germany"]
[Date "2019.01.12"]
[Round "4.4"]
[White "Remmes, Werner"]
[Black "Rogowski, Friedrich"]
[Result "0-1"]
[WhiteElo "1106"]
[BlackElo "1694"]
[PlyCount "68"]
[EventDate "2018.09.29"]
[EventType "team-tourn"]
[EventRounds "7"]
[EventCountry "GER"]
[SourceTitle "EXT 2020"]
[Source "ChessBase"]
[SourceDate "2019.10.17"]
[SourceVersion "1"]
[SourceVersionDate "2019.10.17"]
[SourceQuality "1"]
[WhiteTeam "Emsdetten Rochade V"]
[BlackTeam "Saerbeck II"]
[WhiteTeamCountry "GER"]
[BlackTeamCountry "GER"]

1. e4 d6 2. Nc3 Nf6 3. d4 g6 4. Be3 Bg7 5. Nf3 0-0 6. Be2 c6 7. h3 b5 8. b4 a5 9. Qb1 axb4 10. Qxb4 Na6 11. Qb3 Be6 12. d5 cxd5 13. exd5 Nxd5 14. Nxd5 Bxa1 15. 0-0 Bg7 16. Qxb5 Nc7 17. Nxc7 Qxc7 18. Nd4 Bd7 19. Qb3 Rfb8 20. Qd5 e6 21. Qe4 Rxa2 22. Bb5 Bxb5 23. Rc1 Bc4 24. Nc6 Bd5 25. Qd3 Qxc6 26. f3 Qc3 27. Qe2 Rbb2 28. Bd2 Rxc2 29. Qe1 Qxd2 30. Qxd2 Rxc1+ 31. Qxc1 Ra1 32. Qxa1 Bxa1 33. Kf2 Bc4 34. g3 d5 0-1

[Event "Steinfurt Bezirksklasse 1718"]
[Site "Germany"]
[Date "2018.03.03"]
[Round "6.4"]
[White "Remmes, Werner"]
[Black "Ternes, Joachim"]
[Result "0-1"]
[WhiteElo "1117"]
[BlackElo "1606"]
[PlyCount "110"]
[EventDate "2017.10.07"]
[EventType "team-tourn"]
[EventRounds "7"]
[EventCountry "GER"]
[SourceTitle "EXT 2019"]
[Source "ChessBase"]
[SourceDate "2018.10.10"]
[SourceVersion "1"]
[SourceVersionDate "2018.10.10"]
[SourceQuality "1"]
[WhiteTeam "Emsdetten Rochade VI"]
[BlackTeam "Neuenkirchen II"]
[WhiteTeamCountry "GER"]
[BlackTeamCountry "GER"]

1. e4 c5 2. Bc4 d6 3. Qf3 e6 4. Nc3 Nc6 5. Nge2 a6 6. d3 Nf6 7. Bf4 Be7 8. a3 0-0 9. h3 Re8 10. 0-0-0 Rb8 11. g4 b5 12. Bb3 Nd4 13. Nxd4 cxd4 14. Ne2 Qb6 15. g5 Nd7 16. Rhg1 a5 17. c3 dxc3 18. Nxc3 b4 19. Be3 Qc7 20. Bd2 bxc3 21. Bxc3 Rxb3 22. Kd2 Ne5 23. Qe3 Ba6 24. Ke2 Rxc3 25. bxc3 Qxc3 26. f4 Ng6 27. Rc1 Qxa3 28. Rgd1 Qb2+ 29. Kf3 Qb7 30. Kg3 a4 31. Rb1 Qd7 32. Qb6 Bc8 33. Rdc1 Nxf4 34. Kxf4 e5+ 35. Kg3 Qxh3+ 36. Kf2 Qh4+ 37. Ke2 Bg4+ 38. Kd2 Bxg5+ 39. Kc3 Bxc1 40. Rxc1 Qd8 41. Qb5 Bd7 42. Qb4 Qb8 43. Qxb8 Rxb8 44. Kd2 Rc8 45. Rb1 Kf8 46. Ke3 Ke7 47. Rh1 h6 48. Rg1 g6 49. Rh1 h5 50. Rd1 a3 51. d4 exd4+ 52. Kxd4 a2 53. Ra1 Be6 54. Ke3 Rc2 55. Kf4 Rb2 0-1

[Event "Steinfurt Bezirksklasse 1718"]
[Site "Germany"]
[Date "2017.12.09"]
[Round "3.5"]
[White "Remmes, Werner"]
[Black "Blomqvist, Pontus"]
[Result "0-1"]
[WhiteElo "1117"]
[BlackElo "1259"]
[PlyCount "94"]
[EventDate "2017.10.07"]
[EventType "team-tourn"]
[EventRounds "7"]
[EventCountry "GER"]
[SourceTitle "EXT 2019"]
[Source "ChessBase"]
[SourceDate "2018.10.10"]
[SourceVersion "1"]
[SourceVersionDate "2018.10.10"]
[SourceQuality "1"]
[WhiteTeam "Emsdetten Rochade VI"]
[BlackTeam "Nordwalde II"]
[WhiteTeamCountry "GER"]
[BlackTeamCountry "GER"]

1. b3 Nf6 2. d3 e5 3. e4 Bc5 4. Be2 d6 5. h3 Be6 6. c4 Nc6 7. Nf3 0-0 8. 0-0 Nh5 9. Kh2 f5 10. Ng5 Qe7 11. Qd2 Nf4 12. Na3 Qxg5 13. g3 Nxh3 14. Qxg5 Nxg5 15. Nb5 a6 16. Nxc7 Rac8 17. Nxe6 Nxe6 18. exf5 Ned4 19. Bg4 Nxf5 20. Bd2 Rc7 21. Rab1 Bb4 22. Be3 Ncd4 23. Rbd1 Rcf7 24. Kg2 Nxe3+ 25. fxe3 Rxf1 26. Rxf1 Rxf1 27. Kxf1 Nc6 28. Bf3 Kf7 29. Bd5+ Kf6 30. Ke2 h6 31. Kf3 a5 32. Kg4 Nd8 33. a4 b6 34. Kh5 Nf7 35. Bxf7 Kxf7 36. g4 Kf6 37. e4 Bc3 38. Kh4 g6 39. Kh3 Kg5 40. Kg3 h5 41. gxh5 gxh5 42. Kh3 Kf4 43. Kh4 Ke3 44. Kxh5 Kxd3 45. Kg4 Kxe4 46. Kg3 Kd3 47. Kf3 e4+ 0-1

[Event "Steinfurt Bezirksliga 1617"]
[Site "Germany"]
[Date "2017.01.21"]
[Round "5.8"]
[White "Becker, Heiner"]
[Black "Remmes, Werner"]
[Result "1-0"]
[WhiteElo "1562"]
[BlackElo "1095"]
[PlyCount "79"]
[EventDate "2016.09.24"]
[EventType "team"]
[EventRounds "9"]
[EventCountry "GER"]
[SourceTitle "EXT 2018"]
[Source "ChessBase"]
[SourceDate "2017.10.13"]
[SourceVersion "1"]
[SourceVersionDate "2017.10.13"]
[SourceQuality "1"]
[WhiteTeam "Ibbenbueren II"]
[BlackTeam "Emsdetten Rochade V"]
[WhiteTeamCountry "GER"]
[BlackTeamCountry "GER"]

1. Nf3 e6 2. d4 d5 3. g3 Nf6 4. Bg2 Nc6 5. 0-0 Be7 6. Nbd2 0-0 7. c4 h6 8. b3 a6 9. Bb2 Bd6 10. a3 Re8 11. c5 Be7 12. b4 b6 13. Bc3 a5 14. Qc2 Ba6 15. Rfe1 Nh7 16. Qb2 Na7 17. Bf1 Nb5 18. e3 Nxc3 19. Qxc3 Ng5 20. b5 Bc8 21. c6 Bd6 22. Nxg5 Qxg5 23. f4 Qf6 24. Nf3 e5 25. dxe5 Bxe5 26. Nxe5 Bf5 27. Bg2 Rad8 28. Rad1 Qe6 29. Rd4 f6 30. Nf3 Re7 31. Nd2 Rde8 32. Bxd5 Kf8 33. Bxe6 Rxe6 34. Rd7 Rc8 35. e4 Ke8 36. Rxg7 h5 37. Rg8+ Ke7 38. Rxc8 Rd6 39. exf5+ Kf7 40. Rxc7+ 1-0

[Event "Steinfurt Bezirksklasse 1617"]
[Site "Germany"]
[Date "2016.09.17"]
[Round "1.6"]
[White "Remmes, Werner"]
[Black "Hengelman, David"]
[Result "1-0"]
[WhiteElo "1088"]
[BlackElo "758"]
[PlyCount "107"]
[EventDate "2016.09.17"]
[EventType "team"]
[EventRounds "10"]
[EventCountry "GER"]
[SourceTitle "EXT 2018"]
[Source "ChessBase"]
[SourceDate "2017.10.13"]
[SourceVersion "1"]
[SourceVersionDate "2017.10.13"]
[SourceQuality "1"]
[WhiteTeam "Emsdetten Rochade VI"]
[BlackTeam "Steinfurt IV"]
[WhiteTeamCountry "GER"]
[BlackTeamCountry "GER"]

1. e4 d5 2. e5 c5 3. Nf3 Nc6 4. Bb5 Qa5 5. Bxc6+ bxc6 6. 0-0 Ba6 7. d3 c4 8. Re1 e6 9. Nc3 Bc5 10. a3 Qb6 11. Re2 cxd3 12. cxd3 0-0-0 13. Na4 Qb5 14. Nxc5 Qxc5 15. Be3 Qe7 16. Rc2 Bb7 17. Bxa7 f6 18. d4 fxe5 19. Nxe5 Qg5 20. Nf7 Qg6 21. Nxh8 Qf6 22. Rac1 Nh6 23. Qh5 Rf8 24. Qe5 Qe7 25. Bc5 Rf5 26. Bxe7 Rxe5 27. dxe5 Ng4 28. Nf7 Ba6 29. Rxc6+ Kb7 30. Nd6+ Ka7 31. Rc7+ Kb6 32. R1c6+ Ka5 33. b4+ Ka4 34. Rxa6+ Kb3 35. h3 d4 36. Rc1 Nxe5 37. f4 Nd3 38. Rd1 Kc2 39. Rf1 Nb2 40. b5 d3 41. Ne4 Nc4 42. Rc6 Kb3 43. b6 Nxb6 44. Rxb6+ Kc4 45. Bb4 Kd4 46. Nd2 Ke3 47. Rxe6+ Kd4 48. Rd6+ Ke3 49. Rf3+ Ke2 50. Rdxd3 g6 51. Rde3+ Kd1 52. Nc4 Kc2 53. Rf2+ Kd1 54. Re1# 1-0

[Event "Steinfurt Bezirksklasse 1415"]
[Site "Germany"]
[Date "2015.02.21"]
[Round "6.6"]
[White "Remmes, Werner"]
[Black "Sperling, Rainer"]
[Result "1-0"]
[WhiteElo "1051"]
[BlackElo "1438"]
[PlyCount "85"]
[EventDate "2014.09.20"]
[EventType "team-tourn"]
[EventRounds "9"]
[EventCountry "GER"]
[SourceTitle "EXT 2016"]
[Source "ChessBase"]
[SourceDate "2015.10.08"]
[SourceVersion "1"]
[SourceVersionDate "2015.10.08"]
[SourceQuality "1"]
[WhiteTeam "Emsdetten Rochade IV"]
[BlackTeam "Reckenfeld II"]
[WhiteTeamCountry "GER"]
[BlackTeamCountry "GER"]

1. e4 e5 2. Nf3 Nc6 3. Nc3 Nf6 4. Bc4 h6 5. d3 Bc5 6. 0-0 d6 7. h3 a6 8. a3 0-0 9. b4 Bd4 10. Bb2 Bxc3 11. Bxc3 b5 12. Bb3 Qe7 13. Qd2 Be6 14. Bxe6 Qxe6 15. Rfe1 Rfe8 16. d4 exd4 17. Bxd4 Nxe4 18. Qd3 d5 19. c3 Qd7 20. Bc5 Ne5 21. Nxe5 Rxe5 22. Rad1 c6 23. Rxe4 Rxe4 24. Qxe4 Re8 25. Qd3 Qc7 26. Be3 Qe5 27. Qd2 Qf6 28. Re1 Qf5 29. Kf1 Qg6 30. Bc5 Rxe1+ 31. Qxe1 Qd3+ 32. Kg1 Qe4 33. Qxe4 dxe4 34. Kf1 f5 35. Ke2 Kf7 36. Ke3 Ke6 37. Bd4 g6 38. h4 h5 39. f3 exf3 40. Kxf3 Kd5 41. Kf4 Ke6 42. Kg5 Kf7 43. g3 1-0

[Event "Steinfurt Bezirksklasse 1314"]
[Site "Germany"]
[Date "2014.05.24"]
[Round "9.5"]
[White "Remmes, Werner"]
[Black "Olschimke, Adrian"]
[Result "0-1"]
[WhiteElo "1049"]
[BlackElo "952"]
[PlyCount "75"]
[EventDate "2013.10.05"]
[EventType "team-tourn"]
[EventRounds "9"]
[EventCountry "GER"]
[SourceTitle "EXT 2015"]
[Source "ChessBase"]
[SourceDate "2014.11.20"]
[SourceVersion "1"]
[SourceVersionDate "2014.11.20"]
[SourceQuality "1"]
[WhiteTeam "Emsdetten Rochade IV"]
[BlackTeam "Steinfurt IV"]
[WhiteTeamCountry "GER"]
[BlackTeamCountry "GER"]

1. e4 e5 2. Nf3 Nc6 3. Nc3 Bc5 4. Bc4 Nf6 5. h3 d6 6. d3 h6 7. 0-0 0-0 8. a3 b6 9. Qe1 Nd4 10. Nxd4 Bxd4 11. Be3 Bb7 12. Rb1 d5 13. Ba2 dxe4 14. dxe4 Ba6 15. Bxd4 exd4 16. Ne2 Nxe4 17. Rd1 c5 18. c4 Re8 19. f3 Nd6 20. b3 b5 21. Qf2 bxc4 22. Nxd4 cxd4 23. Rxd4 Qb6 24. bxc4 Nf5 25. Rf4 Qxf2+ 26. Rxf2 Ng3 27. c5 Ne2+ 28. Rxe2 Rxe2 29. Bxf7+ Kh8 30. Bd5 Rd8 31. Be4 Bd3 32. Bb7 Rd7 33. Rf8+ Kh7 34. Be4+ Bxe4 35. fxe4 Rxe4 36. c6 Rde7 37. a4 Rxa4 38. Kh2 0-1

[Event "Steinfurt Bezirksklasse 1314"]
[Site "Germany"]
[Date "2013.11.16"]
[Round "2.6"]
[White "Altenaehr, Johannes"]
[Black "Remmes, Werner"]
[Result "1-0"]
[WhiteElo "1390"]
[BlackElo "1049"]
[PlyCount "26"]
[EventDate "2013.10.05"]
[EventType "team-tourn"]
[EventRounds "9"]
[EventCountry "GER"]
[SourceTitle "EXT 2015"]
[Source "ChessBase"]
[SourceDate "2014.11.20"]
[SourceVersion "1"]
[SourceVersionDate "2014.11.20"]
[SourceQuality "1"]
[WhiteTeam "Rheine CC"]
[BlackTeam "Emsdetten Rochade IV"]
[WhiteTeamCountry "GER"]
[BlackTeamCountry "GER"]

1. Nf3 e6 2. e4 Nc6 3. d4 a6 4. c3 Be7 5. Bc4 d6 6. Bf4 Nf6 7. Qc2 Ng4 8. h3 e5 9. Bg3 Nf6 10. dxe5 Nd7 11. exd6 cxd6 12. Nbd2 Nde5 13. Nxe5 dxe5 1-0

[Event "Steinfurt Bezirksklasse 1213"]
[Site "Germany"]
[Date "2013.02.09"]
[Round "5.7"]
[White "Remmes, Werner"]
[Black "Erber, Georg"]
[Result "0-1"]
[WhiteElo "1093"]
[BlackElo "1070"]
[PlyCount "118"]
[EventDate "2012.09.29"]
[EventType "team-tourn"]
[EventRounds "9"]
[EventCountry "GER"]
[SourceTitle "EXT 2015"]
[Source "ChessBase"]
[SourceDate "2014.11.20"]
[SourceVersion "1"]
[SourceVersionDate "2014.11.20"]
[SourceQuality "1"]
[WhiteTeam "Emsdetten Rochade IV"]
[BlackTeam "Saerbeck III"]
[WhiteTeamCountry "GER"]
[BlackTeamCountry "GER"]

1. e4 e5 2. Nc3 Nf6 3. Bc4 a6 4. a3 Bc5 5. Qe2 c6 6. Nf3 d6 7. h3 Qe7 8. d3 h6 9. 0-0 Be6 10. Bxe6 Qxe6 11. Nd2 b5 12. b4 Bd4 13. Bb2 Nbd7 14. Rab1 Bb6 15. Nb3 0-0 16. Qd2 Rfd8 17. d4 exd4 18. Nxd4 Bxd4 19. Qxd4 c5 20. Qd3 Ne5 21. Qe2 c4 22. f4 Nc6 23. f5 Qe7 24. Rbd1 Qe8 25. Rf2 Ra7 26. Bc1 Re7 27. Bf4 Nxe4 28. Nxe4 Rxe4 29. Qd2 Rd4 30. Qe1 Rxd1 31. Qxd1 Qe4 32. Qf3 Qxf3 33. Rxf3 Nd4 34. Rf2 d5 35. Be5 Nc6 36. Re2 Re8 37. Rf2 Rxe5 38. f6 g6 39. Rf4 Rf5 40. Rxf5 gxf5 41. c3 Kh7 42. Kf2 Kg6 43. Ke3 Kxf6 44. Kf4 Ne5 45. Ke3 h5 46. Kd4 Ke6 47. Kc5 Nd7+ 48. Kd4 Nb6 49. Kc5 Ke5 50. Kxb6 d4 51. cxd4+ Kxd4 52. Kxa6 c3 53. Kxb5 c2 54. a4 c1Q 55. a5 Qc4+ 56. Ka4 Qc6+ 57. Kb3 Qc4+ 58. Ka4 Kc3 59. Ka3 Qb3# 0-1

[Event "Steinfurt Bezirksklasse 1112"]
[Site "Germany"]
[Date "2011.11.19"]
[Round "3.4"]
[White "Remmes, Werner"]
[Black "Biehl, Olaf"]
[Result "0-1"]
[WhiteElo "1127"]
[BlackElo "1668"]
[PlyCount "94"]
[EventDate "2011.09.24"]
[EventType "team-tourn"]
[EventRounds "9"]
[EventCountry "GER"]
[SourceTitle "EXT 2013"]
[Source "ChessBase"]
[SourceDate "2012.11.22"]
[SourceVersion "1"]
[SourceVersionDate "2012.11.22"]
[SourceQuality "1"]
[WhiteTeam "Emsdetten Rochade IV"]
[BlackTeam "Emsdetten Turm III"]
[WhiteTeamCountry "GER"]
[BlackTeamCountry "GER"]

1. e4 e6 2. Nf3 d5 3. e5 c5 4. d4 cxd4 5. Bd2 Qb6 6. b3 Nc6 7. a3 Bd7 8. Be2 Nge7 9. 0-0 Ng6 10. c3 Ngxe5 11. cxd4 Nxf3+ 12. Bxf3 Nxd4 13. Be3 Nxf3+ 14. Qxf3 d4 15. Bf4 Rd8 16. Nd2 Bb5 17. Nc4 Bxc4 18. bxc4 Qc6 19. Qd3 Bd6 20. Qxd4 Bxf4 21. Qxf4 Rc8 22. Rfc1 0-0 23. h3 Rfd8 24. Kh2 Qd6 25. Qxd6 Rxd6 26. c5 Rdc6 27. Rab1 R8c7 28. a4 Kf8 29. Rb2 Ke7 30. f3 e5 31. Rbc2 Ke6 32. Kg3 f5 33. f4 e4 34. Rc3 b6 35. cxb6 Rxc3+ 36. Rxc3 Rxc3+ 37. Kf2 axb6 38. g3 Kd5 39. Kg2 Kd4 40. g4 fxg4 41. hxg4 e3 42. Kf1 Kd3 43. Kg2 e2 44. Kh3 Ke4+ 45. Kh4 Kxf4 46. a5 g5+ 47. Kh5 Rh3# 0-1

[Event "Steinfurt Bezirksliga 1011"]
[Site "Germany"]
[Date "2011.03.05"]
[Round "6.8"]
[White "Remmes, Werner"]
[Black "Langhorst, Tobias"]
[Result "1-0"]
[WhiteElo "1117"]
[BlackElo "1199"]
[PlyCount "55"]
[EventDate "2010.10.02"]
[EventType "team-tourn"]
[EventRounds "9"]
[EventCountry "GER"]
[SourceTitle "EXT 2012"]
[Source "ChessBase"]
[SourceDate "2011.11.24"]
[SourceVersion "1"]
[SourceVersionDate "2011.11.24"]
[SourceQuality "1"]
[WhiteTeam "Emsdetten Rochade III"]
[BlackTeam "Emsdetten Turm III"]
[WhiteTeamCountry "GER"]
[BlackTeamCountry "GER"]

1. e4 c5 2. Bc4 Nc6 3. c3 g6 4. Nf3 Bg7 5. d4 cxd4 6. cxd4 Qb6 7. e5 Qb4+ 8. Nbd2 d5 9. Bxd5 Nxd4 10. 0-0 Qc5 11. Qa4+ b5 12. Qxd4 Qxd4 13. Nxd4 Rb8 14. N2f3 Bd7 15. h3 Rb6 16. Be3 Ra6 17. a3 e6 18. Bb3 Ne7 19. Rac1 Nc6 20. Nxb5 Nxe5 21. Nc7+ Kd8 22. Nxa6 Nd3 23. Rc2 Bxb2 24. Rxb2 Nxb2 25. Bd4 Rg8 26. Bxb2 Ke7 27. Rc1 h6 28. Ne5 1-0

[Event "Steinfurt Bezirksklasse 1011"]
[Site "Germany"]
[Date "2011.01.15"]
[Round "5.6"]
[White "Welling, Heinz"]
[Black "Remmes, Werner"]
[Result "1-0"]
[WhiteElo "1385"]
[BlackElo "1144"]
[PlyCount "105"]
[EventDate "2010.09.25"]
[EventType "team-tourn"]
[EventRounds "9"]
[EventCountry "GER"]
[SourceTitle "EXT 2012"]
[Source "ChessBase"]
[SourceDate "2011.11.24"]
[SourceVersion "1"]
[SourceVersionDate "2011.11.24"]
[SourceQuality "1"]
[WhiteTeam "Reckenfeld II"]
[BlackTeam "Emsdetten Rochade IV"]
[WhiteTeamCountry "GER"]
[BlackTeamCountry "GER"]

1. e4 e5 2. Nf3 Nc6 3. Bc4 h6 4. a3 Nf6 5. Nc3 Bc5 6. d3 0-0 7. h3 d6 8. Na4 a6 9. Nxc5 dxc5 10. 0-0 b5 11. Ba2 b4 12. axb4 cxb4 13. Bc4 a5 14. Be3 Rb8 15. b3 Nd4 16. Nxe5 Bb7 17. Rxa5 c6 18. Ra2 Qd6 19. Bxd4 Qxd4 20. Nf3 Qd8 21. Qa1 c5 22. Ra7 Nd7 23. Qa5 Qc8 24. Ra1 Bc6 25. Qc7 Qxc7 26. Rxc7 Rb6 27. Raa7 Kh7 28. Nd2 Ne5 29. f4 Ng6 30. g3 Be8 31. Bxf7 Bxf7 32. Rxf7 Rxf7 33. Rxf7 Kg8 34. Ra7 Nf8 35. Nc4 Rg6 36. Kf2 Ne6 37. f5 Rf6 38. g4 Nd4 39. Ra2 Kh7 40. e5 Rc6 41. Ke3 Kg8 42. e6 Kf8 43. Ke4 Ke7 44. Kd5 Rc7 45. Ne3 Nb5 46. Ra5 Nc3+ 47. Kc4 Ne2 48. Rxc5 Rxc5+ 49. Kxc5 Nf4 50. Nd5+ Nxd5 51. Kxd5 Ke8 52. Kc6 Kd8 53. d4 1-0

[Event "Steinfurt Kreisklasse 0607"]
[Site "Germany"]
[Date "2007.01.20"]
[Round "5.5"]
[White "Remmes, Werner"]
[Black "Hungeling, Roland"]
[Result "0-1"]
[WhiteElo "1107"]
[BlackElo "1706"]
[PlyCount "52"]
[EventDate "2006.09.23"]
[EventType "team-tourn"]
[EventRounds "10"]
[EventCountry "GER"]
[SourceTitle "EXT 2008"]
[Source "ChessBase"]
[SourceDate "2007.11.25"]
[SourceVersion "1"]
[SourceVersionDate "2007.11.25"]
[SourceQuality "1"]
[WhiteTeam "Emsdetten Rochade IV"]
[BlackTeam "Emsdetten Turm IV"]
[WhiteTeamCountry "GER"]
[BlackTeamCountry "GER"]

1. e4 e5 2. Nc3 Nc6 3. a3 d6 4. Nf3 Nge7 5. Bc4 Be6 6. Nd5 Ng6 7. d3 Be7 8. 0-0 0-0 9. Be3 Na5 10. Ba2 b6 11. b4 Nb7 12. Qd2 c6 13. Nxe7+ Qxe7 14. Bg5 f6 15. h3 fxg5 16. Nxg5 Bxa2 17. Rxa2 Nf4 18. Nf3 Qf7 19. c4 Nxh3+ 20. Kh2 Qh5 21. Kg3 Rf4 22. Qd1 Rg4+ 23. Kh2 Nxf2+ 24. Kg1 Nxd1 25. Rxd1 Rf8 26. Kf2 Rxg2+ 0-1

[Event "Steinfurt Bezirksklasse 0506"]
[Site "Germany"]
[Date "2006.01.28"]
[Round "5.8"]
[White "Remmes, Werner"]
[Black "Krumbeck, Holger"]
[Result "1/2-1/2"]
[WhiteElo "1107"]
[BlackElo "1206"]
[PlyCount "35"]
[EventDate "2005.09.10"]
[EventType "team-tourn"]
[EventRounds "7"]
[EventCountry "GER"]
[SourceTitle "EXT 2006"]
[Source "ChessBase"]
[SourceDate "2005.11.24"]
[SourceVersion "1"]
[SourceVersionDate "2005.11.24"]
[SourceQuality "1"]
[WhiteTeam "Emsdetten Rochade III"]
[BlackTeam "Reckenfeld II"]
[WhiteTeamCountry "GER"]
[BlackTeamCountry "GER"]

1. e4 e5 2. Nc3 Nf6 3. Nf3 d6 4. Bc4 h6 5. d4 exd4 6. Nxd4 Be7 7. Bf4 Bd7 8. 0-0 Nc6 9. Nf3 Bg4 10. h3 Bh5 11. a3 0-0 12. Qd3 Bg6 13. Nh4 Bh7 14. Nf5 Bxf5 15. exf5 Nd7 16. Nd5 Nce5 17. Qe2 c6 18. Nc3 1/2-1/2